Ave Dei Patris ; Gaude Maria Virgo /
Saved in:
| Main Author: | |
|---|---|
| Other Authors: | |
| Format: | Musical Score |
| Language: | Latin |
| Published: |
Moretonhampstead, Newton Abbot, Devon, England :
Antico Edition,
c1997.
|
| Subjects: | |
| Tags: |
Add Tag
No Tags, Be the first to tag this record!
|
| LEADER | 01512ncm a2200397 a 4500 | ||
|---|---|---|---|
| 001 | 007683027-6 | ||
| 005 | 20060817100426.0 | ||
| 008 | 001103s1997 enkuua dehi n lat d | ||
| 010 | |a 99386558 | ||
| 028 | 2 | 0 | |a RCM21 |b Antico Edition |
| 028 | 3 | 0 | |a Antico Edition |b RCM21 |
| 035 | 0 | |a ocm40178150 | |
| 035 | 1 | |a MAHS00C1662 | |
| 035 | 1 | |z DCLC99386558C | |
| 040 | |a IQU |c IQU |d DLC |d CStRLIN |d MH-Mu | ||
| 041 | 1 | |a lat |e lateng |h lat |g eng | |
| 042 | |a lccopycat | ||
| 050 | 0 | 0 | |a M2082.J66 |b A94 1997 |
| 100 | 1 | |a Johnson, Robert, |d approximately 1583-1633. | |
| 245 | 1 | 0 | |a Ave Dei Patris ; |b Gaude Maria Virgo / |c Robert Johnson ; edited by Nick Sandon. |
| 246 | 3 | |a Ave Dei Patris ; Gaude Maria Virgo | |
| 260 | |a Moretonhampstead, Newton Abbot, Devon, England : |b Antico Edition, |c c1997. | ||
| 300 | |a 1 score (vii, 20 p.) ; |c 30 cm. | ||
| 500 | |a First work for treble, mean, contratenor, tenor, and bass; 2nd work for treble, mean, tenor, and bass. | ||
| 500 | |a Cover title. | ||
| 500 | |a Includes pref. | ||
| 500 | |a Pl. no.: Antico Edition RCM21. | ||
| 546 | |a Latin words, also printed as text with English translation. | ||
| 600 | 0 | 0 | |a Mary, |c Blessed Virgin, Saint |v Songs and music. |
| 650 | 0 | |a Choruses, Sacred (Mixed voices, 5 parts), Unaccompanied. | |
| 650 | 0 | |a Choruses, Sacred (Mixed voices, 4 parts), Unaccompanied. | |
| 700 | 1 | |a Sandon, Nick. | |
| 700 | 1 | 2 | |a Johnson, Robert, |d approximately 1583-1633. |t Gaude Maria Virgo. |
| 740 | 0 | 2 | |a Gaude Maria Virgo. |
| 988 | |a 20020608 | ||
| 906 | |0 RLIN | ||


